Quelle est cette essence de bois ? Latin-Français - Statistiques

Statistiques générales
  • Ce quiz a été pris 36 fois
  • Le résultat moyen est 18 sur 32
Statistiques - réponses
Hint Réponse % Correct
Quercus Chêne
93%
Pinus Pin
93%
Betula Bouleau
79%
Cedrus Cèdre
79%
Prunus Prunier/Prunellier
79%
Picea Epicéa
75%
Fagus Hêtre
75%
Abies Sapin
75%
Thymus Thym
75%
Alnus Aulne
68%
Fraxinus Frêne
68%
Populus Peuplier
68%
Salix Saule
68%
Acer Erable
61%
Malus Pommier
61%
Rosmarinus Romarin
61%
Ficus Figuier
54%
Corylus Noisetier
54%
Pirus Poirier
54%
Juglans Noyer
50%
Ulmus Orme
46%
Olea Olivier
43%
Carpinus Charme
39%
Castanea Châtaignier
39%
Vitis Vigne
39%
Cornus Cornouiller
36%
Buxus Buis
32%
Taxus If
32%
Larix Mélèze
32%
Juniperus Genévrier
29%
Erica Bruyère
25%
Morus Mûrier
25%
Aucun quiz correspondant
Distribution des résultats
% des personnes avec chaque résultat
Percentile par nombre de réponses
Votre historique - résultats
Vous n’avez pas pris ce quiz